00345nam a2200133Ia 4500008004100000041000800041082001500049100002400064245003700088250002200125260002200147300001100169650003100180231207s9999 xx 000 0 und d aeng a004.65/BEH aBehrouz A.lForouzem aData communiation and networking a2004, 3rd Edition bTata mc graw hill aPB/971 aComnputer Program Language